America's Got Talent Judges and Hosts by Picture - Statistics

General Stats
  • This quiz has been taken 69 times
  • The average score is 11 of 17
Answer Stats
Picture Hint Answer % Correct
11- Simon Cowell
92%
8-13, 15-19 Heidi Klum
86%
5- Howie Mandel
80%
14- Terry Crews
78%
1-4 David Hasselhoff
75%
7-10 Howard Stern
75%
2-7 Sharon Osbourne
73%
15- Sofía Vergara
71%
8-13, 20 Mel B
69%
4-11 Nick Cannon
67%
1-6 Piers Morgan
67%
12-13 Tyra Banks
67%
1 Brandy Norwood
53%
2-3 Jerry Springer
51%
1 Regis Philbin
51%
14 Gabrielle Union
47%
14 Julianne Hough
45%
No matching quizzes found
Score Distribution
Percent of People with Each Score
Percentile by Number Answered
Your Score History
You have not taken this quiz